| 000 | 01079nmc a2200349 a 4500 | ||
|---|---|---|---|
| 003 | AR-BaBNM | ||
| 005 | 20251128204303.0 | ||
| 008 | 057019s1967 ||||||||||||||000 | spa|| | ||
| 040 | _cAR-BaBNM | ||
| 100 | 1 | _aRaths, Louis E. | |
| 245 | 1 | 0 |
_aEl sentido de los valores y la enseñanza _bcómo emplear los valores en el salón de clases |
| 250 | _a1ª ed. | ||
| 260 |
_aMéxico, D.F. _bUTEHA _c1967 |
||
| 300 | 0 | _a289 p. | |
| 490 | 0 | _aBiblioteca clásicos y modernos de educación | |
| 500 | 0 | _aContiene apéndices con ejercicios | |
| 500 | 0 | _aContiene índice | |
| 500 | 0 | _aUTEHA: Unión Tipográfica Editorial Hispano Americana | |
| 504 | _aBibliografía: p. 279-283 | ||
| 650 | 4 | _aEDUCACION MORAL | |
| 650 | 4 | _aJUICIO DE VALOR | |
| 650 | 4 | _aVALORES CULTURALES | |
| 650 | 4 | _aVALORES MORALES | |
| 650 | 4 | _aVALORES SOCIALES | |
| 653 | 0 | _aTEMAS TRANSVERSALES | |
| 700 | 1 | _aHarmin, Merrill | |
| 700 | 1 | _aSimon, Sidney B. | |
| 700 | 1 |
_aWiles, Kimball _eprologuista |
|
| 700 | 1 |
_aTrejo de Hernández, Luz María _etraductor |
|
| 942 | _cBK | ||
| 998 | _csilvi | ||
| 999 |
_c6867 _d6867 |
||